1365 1012 1736 1487 1235 1079 1857 1017 1558 1333 1739 1055 1447 1697 1181 1975 1678 1680 1013 1906 1789 1666 1615 1930 1946 1230 1877 1766 1181 1973 1832 1909 1934 1925 1754 1195 1815 1188 1546 1601 1380 1174 1118 1581 1403 1662 1501 1746 1158 1381 1500 1455 1438 1744 1762 1474 1177 1399 1589 1595 1534 1228 1829 1468 1644 1900 1426 1458 2000 1848 1548 1904 1971 1020 1283 1553 1874 1851 1754 1689 1168 1541 1945 1459 1201 1705 1629 1475 1912 1160 1111 1011 1493 1686 1181 1645 1964 1945 1184 BCNSPRNW ULIB Ver.6.0+V

เปลี่ยนเป็นภาษาไทย

Change to English
 แสดงรายละเอียดบรรณานุกรม
  กลับหน้าหลัก

Brief Record : Get Marc (ISO 2709) : E-mail record : QR code < ปิดหน้าต่าง
LEADER : 00000nam 2200000uu 4500
001    13399126199
003     ULIB
008    180716s2015||||th 000 0 tha d
020    ^a9781107464438
050 00 ^aPE1128^bC172^cV.10
245 10 ^aCambridge practice tests for IELTS 10
260    ^aCambridge :^bCambridge University Press,^c2015
300    ^a179 p.:^bill. ;^c25 cm.
650 00 ^aInternational English Language Testing System.
650 00 ^aEnglish language^xExaminations, questions, etc.
650 00 ^aEnglish language^xTextbooks for foreign speakers
945    ^p0^l0^i26417
999    ^aกัณชพร จุลอักษร
รายการนี้ยังไม่มีแท็ก
คุณยังไม่ได้ล็อกอิน คุณสามารถมีกิจกรรมร่วมกับเว็บไซต์ได้ แต่ต้องล็อกอินก่อน ::
  ล็อกอิน

รายการสื่อสารสนเทศ

ลำดับที่ ประเภท เลขเรียก/บาร์โค้ด สถานที่ สถานะ
1. วิทยาศาสตร์การแพทย์ และสุขภาพ
วิทยาศาสตร์การแพทย์ และสุขภาพ
PE1128 C172 V.10 ฉ.1 
  Barcode: 26417
ห้องสมุดวิทยาเขตนครสวรรค์
►หนังสือทั่วไป:l:General Books
บนชั้น

รายการใกล้เคียง
    ชื่อเรื่อง [Cambridge practice tests for IELTS 10]

    หัวเรื่อง [International English Language Testing System.]

BibComment


ยังไม่เคยถูกคอมเมนท์

คอมเมนท์ทรัพยากรรายการนี้
  คอมเมนท์: Cambridge practi..


 Copyright 2026. Bcnsprnw @Library